书目信息 |
| 题名: |
解码金融
|
|
| 作者: | 郭恩才 著 | |
| 分册: | ||
| 出版信息: | 北京 中国金融出版社 2009 |
|
| 页数: | 307页 | |
| 开本: | 24cm | |
| 丛书名: | ||
| 单 册: | ||
| 中图分类: | F837.125.9 | |
| 科图分类: | ||
| 主题词: | 金融危机--研究--美国 , 金融危机 | |
| 电子资源: | ||
| ISBN: | 978-7-5049-5163-2 | |
| 000 | 00921nam0 2200253 45 | |
| 001 | 1034545659 | |
| 005 | 20100319083749.96 | |
| 010 | @a978-7-5049-5163-2@dCNY38.00 | |
| 100 | @a20100312d2009 em y0chiy50 ea | |
| 101 | 0 | @achi |
| 102 | @aCN@b110000 | |
| 105 | @ay z 000yy | |
| 106 | @ar | |
| 200 | 1 | @a解码金融@AJie Ma Jin Rong@e金融危机及“美国梦”@EJin Rong Wei Ji Ji“ Mei Guo Meng”@f郭恩才著@FGuo En Cai Zhu |
| 210 | @a北京@c中国金融出版社@d2009 | |
| 215 | @a307页@d24cm | |
| 330 | @a本书主要内容有:金融危机“三步曲”,华尔街“栽了一个大跟头”,金融危机的传导机制、并非为山姆大叔评功摆好、“政府先生”与“市场先生”的颠峰对决等。 | |
| 517 | 1 | @a金融危机及“美国梦”@AJin Rong Wei Ji Ji“ Mei Guo Meng” |
| 606 | 0 | @a金融危机@x研究@y美国 |
| 606 | 0 | @a金融危机 |
| 690 | @aF837.125.9@v4 | |
| 701 | 0 | @a郭恩才@AGuo En Cai@4著 |
| 801 | 0 | @aCN@bTANGWEI@c20100319 |
| 905 | @b0586135-37@dF837.125.9@e20@f3 | |
| 解码金融:金融危机及“美国梦”/郭恩才著.-北京:中国金融出版社,2009 |
| 307页;24cm |
| ISBN 978-7-5049-5163-2:CNY38.00 |
| 本书主要内容有:金融危机“三步曲”,华尔街“栽了一个大跟头”,金融危机的传导机制、并非为山姆大叔评功摆好、“政府先生”与“市场先生”的颠峰对决等。 |
| ● |
| 相关链接 |
|
|
|
|
正题名:解码金融
索取号:F837.125.9/20
 
预约/预借
| 序号 | 登录号 | 条形码 | 馆藏地/架位号 | 状态 | 备注 |
| 1 | 0586135 | 205861352 | 第一样本阅览室/ [索取号:F837.125.9/20] | 在馆 | |
| 2 | 0586136 | 205861361 | 第一借阅区/ [索取号:F837.125.9/20] | 在馆 | |
| 3 | 0586137 | 205861370 | 密集书库-海洋学院/ [索取号:F837.125.9/20] | 在馆 |